Name that candy - Statistics

General Stats
  • This quiz has been taken 289 times
  • The average score is 10 of 16
Answer Stats
Picture Answer % Correct
Kit-Kat
99%
M&Ms
82%
Dots
78%
Hershey
78%
Skittles
78%
Twix
76%
Airheads
74%
Twizzlers
67%
Snickers
66%
Almond Joy
61%
Starbursts
56%
Mike and Ike
54%
Whoppers
47%
PayDay
44%
Reese's Peanut Butter Cup
42%
Creme Egg
26%
No matching quizzes found
Score Distribution
Percent of People with Each Score
Percentile by Number Answered
Your Score History
You have not taken this quiz